00669nam a2200229Ia 4500008004100000020001800041050001700059050001400076100002600090245005000116245006100166260001700227260002500244260000900269300001700278300002000295300001100315650002400326650003000350650001800380650004100398160303s9999 xx 000 0 und d a971-08-6413-0 aFIL KPM 2300 b.N65 2004 aNolledo, Mercedita S. 4aThe Local government code of 1991 annotated / cMercedita S. Nolledo, foreword by Cecilia Muñoz Palma. aMandaluyong: bNational Book Store, c2004 a1341 pages : billustrations ; c22 cm. aLocal government -- aMunicipal corporations -- x Philippines. xLaw and legislation -- Philippines.